New Zealand Cricket - 6 or more wickets in an ODI - Statistics

General Stats
  • This quiz has been taken 139 times
    101 since last reset
  • The average score is 4 of 5
Answer Stats
Figures Opponents and Year Player % Correct
6-33 Trent Boult
99%
7-33 England 2015 Tim Southee
96%
6-19 Shane Bond
80%
6-23 Shane Bond
80%
6-25 Scott Styris
37%
No matching quizzes found
Score Distribution
Percent of People with Each Score
Percentile by Number Answered
Your Score History
You have not taken this quiz since the last reset